| 000 | 00396nam a22001577a 4500 | ||
|---|---|---|---|
| 020 | _a9789699532023 | ||
| 082 | _a294.5945 SAF | ||
| 100 | _aSafdar Ali Shah | ||
| 245 | _aThe Hindu Heritage of Pakistan | ||
| 260 |
_aLahore _bConstellation Plus _c2014 |
||
| 300 | _aix, 121 p. | ||
| 500 | _aIncludes index. | ||
| 650 | _aHindu Heritage---Pakistan | ||
| 700 | _aSyed Javaid A. Kazi | ||
| 942 | _cBK | ||
| 999 |
_c13211 _d13211 |
||